000 00367nam a2200157Ia 4500
008 221030s9999 xx 000 0 und d
020 _a8124201730
041 _aEnglish
082 _a105.23
_bPre
100 _aP. N. Chitralekha
245 0 _aLakshmi
_cby P. N. Chitralekha
260 _bCrest Pub
_aDelhi
_c2001
300 _a124
650 _aGeneral
942 _cBK
999 _c1250
_d1250